01007nab a2200277 uc450000100070000000500170000700800410002403500110006503500210007604000130009704100080011010000490011824501010016765000510026865000370031965000290035665000310038565000300041665000370044665000220048365000390050565000480054477301080059294200100070099900190071076365620250213090816.0020726e20001001 spa  a763656 a(OCoLC)819982474 ccomduadb aspa10aCorreia de Campos, Antonio4auteaut935930610aReformas de la seguridad social en Europa. La contribucion de las experiencias de America Latina aReforma a la seguridad social - Europa9101789 aSostenibilidad financiera983551 aEquidad (Derecho)918543 aProtección social975490 aPensiones - Europa993410 aSeguridad social - Europa993409 aJubilación9324 7aSistemas de seguridad2lemb920907 aSeguridad social - América Latina91645750 tRevista del CLAD Reforma y Democracia (Caracas)gNo. 18, Oct. 2000, p. 97-130w180162x1315-2378084119 cARIMP c251530d251530